000 00793nam a2200181 4500
001 133419
003 ES-MaACL
005 20230906194412.0
007 t|
008 070214s1914 sp r ||||1| spa d
100 1 _aRuigómez y Velasco, Luis.
_9100577
245 1 0 _aEstudio de un nuevo método de investigación precoz del bacilo de Eberth y nuestra modificación al procedimiento de Botelho
_b: tesis presentada para aspirar al grado de Doctor /
_cLuis Ruigómez y Velasco.
260 _aMadrid :
_bIsaac Martínez,
_c1914.
300 _a81 p. ;
_c23 cm.
500 _aTesis doctoral presentada en la Universidad Central, Facultad de Farmacia, leída el 29 de octubre de 1913.
710 2 _aUniversidad Central (Madrid).
_bFacultad de Farmacia.
_97091
852 _aES-MaACL
_jT-1366-F-11
999 _c133419
_d133419